Lía Bonilla : caminante de Guanacaste /
Αποθηκεύτηκε σε:
| Κύριοι συγγραφείς: | , |
|---|---|
| Μορφή: | Άγνωστο |
| Γλώσσα: | Spanish |
| Έκδοση: |
San José, Costa Rica:
Lara Segura,
2012.
|
| Έκδοση: | 1. edición |
| Θέματα: | |
| Ετικέτες: |
Προσθήκη ετικέτας
Δεν υπάρχουν, Καταχωρήστε ετικέτα πρώτοι!
|
MARC
| LEADER | 000000000a22000000004500 | ||
|---|---|---|---|
| 001 | 001396 | ||
| 008 | 170710s2012 cr ac||| |||| 00| 0bspa d | ||
| 020 | |a 99789908930451 | ||
| 041 | 0 | |a español | |
| 082 | |a 390 |b F175b | ||
| 100 | 1 | |a Fajardo Korea, Miguel | |
| 100 | 1 | |a Obando Viales, Mélida, |e coautor | |
| 245 | 1 | 0 | |a Lía Bonilla : |b caminante de Guanacaste / |c Miguel Fajardo Korea, Mélida Obando Viales |
| 250 | |a 1. edición | ||
| 260 | |a San José, Costa Rica: |b Lara Segura, |c 2012. | ||
| 300 | |a 237 páginas : |b ilustraciones, retratos | ||
| 650 | 4 | |a FOLCLOR COSTARRICENSE | |
| 650 | 4 | |a COSTUMBRES | |
| 650 | 4 | |a COSTA RICA (GUANACASTE) | |
| 650 | 4 | |a CULTURA | |
| 942 | |2 ddc |c BK | ||
| 999 | |c 2401 |d 2401 | ||
